| 000 | 00650nam a2200205 a 4500 | ||
|---|---|---|---|
| 001 | 000033826 | ||
| 005 | 20200930070542.0 | ||
| 008 | 110913s2005 pr 000 j spa d | ||
| 020 | _z9993432051 | ||
| 040 |
_aDO-SdBNP _bspa _cBNPHU |
||
| 082 |
_aPR863.44 _bV446L |
||
| 100 | 1 |
_aVélez-Mitchell, Anita _959245 |
|
| 245 | 1 | 0 |
_aLoco de amor : _bcuentos que me contó mi madre / _cAnita Vélez-Mitchell. |
| 260 |
_aPuerto Rico : _bGalos Publishing, _c2005. |
||
| 300 |
_a46, [4] p. ; _c18 cm. |
||
| 650 | 4 |
_aCuentos puertoriqueños _937322 |
|
| 650 | 4 |
_aLiteratura puertoriqueña _96540 |
|
| 910 | _aValidado. Control de calidad BNPHU | ||
| 049 | _aBNPD | ||
| 999 |
_c33317 _d33317 |
||